000 00356nam a2200157Ia 4500
003 OSt
005 20240307113542.0
008 170523s9999 xx 000 0 und d
020 _a978-0071238403
040 _ciimtu meerut
100 _aPRESSMAN- ROJER S
245 0 _aSOFTWARE ENGINEERING
260 _bMC GRAW HILL
260 _c2004
942 _2ddc
_c02
999 _c1162
_d1162